| 000 | 00399nam a2200169Ia 4500 | ||
|---|---|---|---|
| 005 | 20250423094516.0 | ||
| 008 | 250422s9999 xx 000 0 und d | ||
| 020 | _a1861006934 | ||
| 050 | _aTK 5105.8 .A26 .B46/ | ||
| 100 | _aBellinaso, Marco | ||
| 245 | 0 | _aASP.NET Website Programming | |
| 260 | _aBirmingham | ||
| 260 | _bWrox Press Ltd. | ||
| 260 | _c2002 | ||
| 300 | _a540 p | ||
| 942 | _cBK | ||
| 999 |
_c27446 _d27446 |
||